000 00753nam a2200217Ia 4500
003 GCL
008 140319s9999 xx 000 0 ara d
020 _a6104367977
040 _aGCL /
_cGCL
082 0 4 _a214.33
_bم م
100 1 _aمحمد السيد الشناوى
245 1 0 _aالمقاطعة :
_bفريضة وضرورة /
_cمحمد السيد الشناوى
250 _aالثانية
260 _aالقاهرة :
_bمركز الاعلام العربى ،
_c2006
300 _a276 ص ؛
_c19 سم
490 _aكتاب القدس
_v29
650 0 4 _aالنزاع العربى الاسرائيلى
650 0 4 _aالمقاطعة العربية لاسرائيل
650 0 4 _aالمقاطعة الاقتصادية
942 _2ddc
_cBK
999 _c8952
_d8952